| 000 | 00492nam a2200181Ia 4500 | ||
|---|---|---|---|
| 003 | GCL | ||
| 008 | 140319s9999 xx 000 0 eng d | ||
| 040 |
_aGCL / _cGCL |
||
| 082 | 0 | 4 |
_a796 _bC M |
| 100 | 1 | _aTHOMPSON, WILLAM A | |
| 245 | 1 | 0 |
_aMODERN SPORTS OFFICIATING : A PRACTICAL GUIDE / _cTHOMPSON, WILLAM A |
| 700 | 1 | _aCLEGG, RICHARD | |
| 260 |
_a[S.N] : _bWCB BROWN & BENCHANARK ، _c1993 |
||
| 300 | _a268 P P | ||
| 650 | 0 | 4 | _aSPORTS |
| 650 | 0 | 4 | _aOFFICIATING SPORT |
| 942 |
_2ddc _cBK |
||
| 999 |
_c11991 _d11991 |
||